000 00753nam a22002417a 4500
999 _c23985
_d23985
003 OSt
005 20210111091555.0
008 170302b xxu||||| |||| 00| 0 eng d
020 _a0471095761 :
_c$29.50 (est.)
040 _aMMU
_cMMU
_dMMU
_beng
050 1 0 _aRC681
_b.M366 1984
082 0 0 _a616.1/2
_219
245 0 4 _aThe guide to cardiology /
_cedited by Robert A. Kloner.
260 _aNew York :
_bWiley & Sons,
_cc1984.
300 _axv, 624 p. :
_bill. ;
_c23 cm.
440 2 _aA Wiley medical publication
500 _aIncludes index.
504 _aIncludes bibliographies.
650 0 _aHeart
_xDiseases
_xHandbooks, manuals, etc.
650 0 _aCardiology
_xHandbooks, manuals, etc.
700 1 _aKloner, Robert A.
942 _2lcc
_cLOAN LOAN